000
00270nam a2200121Ia 4500
100
_a
Awad/ Elias M.
942
_c
BK
654
_a
System Analysis
245
_a
System Analysis & Design
260
_b
Galgotia Pub.
_a
New Delhi
_c
1992
300
_a
524
546
_a
ENGLISH
999
_c
32636
_d
32636